Faux VS vrais drapeaux #3 - Mort subite - Statistiques

Statistiques générales
  • Ce quiz a été pris 4 544 fois
  • Le résultat moyen est 3 sur 14
Answers on the Grid
Answers color-coded by a green-red scale on the quiz's grid according to % correct below.
Trulli
Trulli
Trulli
Trulli
Trulli
Trulli
Trulli
Trulli
Trulli
Trulli
Trulli
Trulli
Trulli
Trulli
Trulli
Trulli
Trulli
Trulli
Trulli
Trulli
Trulli
Trulli
Trulli
Trulli
Trulli
Trulli
Trulli
Trulli
 
Statistiques - réponses
Réponse % Correct
Trulli
74%
Trulli
47%
Trulli
41%
Trulli
40%
Trulli
27%
Trulli
23%
Trulli
20%
Trulli
18%
Trulli
18%
Trulli
10%
Trulli
9%
Trulli
8%
Trulli
6%
Trulli
4%
Aucun quiz correspondant
Distribution des résultats
% des personnes avec chaque résultat
Percentile par nombre de réponses
Votre historique - résultats
Vous n’avez pas pris ce quiz